Reštrukturalizácia

Z obsahu: Reštrukturalizácia je podľa I. Mikloša zložitý a komplexný systém. Zásadná reštrukturalizácia sa má rozbehnúť v roku 2000. Slovensko je na tom horšie ako okolité štáty. Jadrom bude náprava mechanizmu konkurzu a vyrovnania. V strojárstve treba reštrukturalizovať životaschopné podniky. Reštr...

Descripción completa

Guardado en:
Detalles Bibliográficos
Autor principal: Šporer, Peter
Formato: Capítulo de libro
Lenguaje:eslovaco
Materias:
Etiquetas: Agregar Etiqueta
Sin Etiquetas, Sea el primero en etiquetar este registro!

MARC

LEADER 00000naa a2200000 4500
001 r035995
005 20230921103712.6
041 0 |a slo 
044 |a SK 
245 1 0 |a Reštrukturalizácia  |c Peter Šporer 
520 |a Z obsahu: Reštrukturalizácia je podľa I. Mikloša zložitý a komplexný systém. Zásadná reštrukturalizácia sa má rozbehnúť v roku 2000. Slovensko je na tom horšie ako okolité štáty. Jadrom bude náprava mechanizmu konkurzu a vyrovnania. V strojárstve treba reštrukturalizovať životaschopné podniky. Reštrukturalizácia bánk v dvoch etapách. 
610 2 0 |a reštrukturalizácia 
610 2 0 |a podnik priemyselný 
610 2 0 |a podnik strojársky 
610 2 0 |a banky 
610 2 0 |a konkurzy 
610 2 0 |a vyrovnanie 
610 2 0 |a priemysel strojársky 
610 2 0 |a Slovensko 
100 1 |a Šporer, Peter